Missing Word: 'G' Literature Quiz Stats

 Plays Quiz Updated Jan 28, 2019

Support Sporcle.
Go Orange.
Score 0/18 Timer 03:00
6 Plays Today
Answer Book % Correct
The _______ With the Dragon TattooGirl
98.9%
The Hunger _______Games
98.5%
_______ ExpectationsGreat
97.4%
_______ With the WindGone
97%
The Hitchhiker's _______ to the GalaxyGuide
95.8%
James and the _______ PeachGiant
95.2%
How the _____ Stole Christmas!Grinch
95.2%
Fried _______ Tomatoes at the Whistle Stop CafeGreen
94.9%
Harry Potter and the _______ of FireGoblet
93.9%
Answer Book % Correct
The _______ of WrathGrapes
88.9%
Anne of Green _______Gables
84.6%
The Picture of Dorian _______Gray
84.5%
Memoirs of a _______Geisha
83%
_______ TravelsGulliver's
82.5%
The Secret _______Garden
78.7%
The _______ EarthGood
48.6%
The _______ CastleGlass
19.1%
Second _______Glance
9.7%

Today's Daily Dose

From the Vault

Mega-Sorting Gallery: Music II

by Chenchilla

Music 15m
The sorting machine is our new favorite instrument.
Remove Ads.
Support Sporcle.
Get the best of Sporcle when you Go Orange. This ad-free experience offers more features, more stats, and more fun while also helping to support Sporcle. Thank you for becoming a member.

Show Comments

Extras

Top Quizzes Today


Score Distribution

Your Account Isn't Verified!

In order to create a playlist on Sporcle, you need to verify the email address you used during registration. Go to your Sporcle Settings to finish the process.

Report this User

Report this user for behavior that violates our Community Guidelines.

Details: